Noms de pays en... portugais ! - Statistiques

Statistiques générales
  • Ce quiz a été pris 87 fois
  • Le résultat moyen est 18 sur 20
Statistiques - réponses
Pays en portugais Nom français % Correct
Ilhas Salomão Iles Salomon
100%
Sérvia Serbie
100%
Paquistão Pakistan
97%
Cidade do Vaticano Vatican
97%
França France
96%
Gana Ghana
96%
Grécia Grèce
96%
Noruega Norvège
96%
Paraguai Paraguay
96%
Polónia Pologne
96%
Roménia Roumanie
96%
Seicheles Seychelles
96%
Singapura Singapour
96%
Tunisia Tunisie
96%
Estados Unidos Etats-Unis
95%
Marrocos Maroc
95%
Papua Nova Guiné Papouasie-Nouvelle-Guinée
95%
Peru Pérou
95%
Afeganistão Afghanistan
94%
Azerbaijão Azerbaïdjan
94%
Senegal Sénégal
94%
Iémen Yémen
94%
Alemanha Allemagne
93%
Egito Egypte
93%
Finlândia Finlande
93%
Quiribáti Kiribati
92%
Ucrânia Ukraine
92%
Fiji Fidji
91%
Iraque Irak
91%
Laus Laos
91%
Nova Zelândia Nouvelle-Zélande
91%
Uganda Ouganda
91%
Ilhas Marshall Iles Marshall
90%
Suiça Suisse
90%
Tajiquistão Tadjikistan
90%
Quénia Kenya
89%
Reino Unido Royaume-Uni
89%
São Cristóvão e Neves Saint-Christophe-et-Niévès
89%
Serra Leoa Sierra Leone
89%
Coreia do Norte Corée du Nord
88%
Gabão Gabon
88%
Macedónia do Norte Macédoine du Nord
88%
Omã Oman
88%
Ruanda Rwanda
88%
Eslováquia Slovaquie
88%
Sudão Soudan
88%
São Marinho Saint-Marin
87%
Países Baixos Pays-Bas
86%
Suécia Suède
85%
Dinamarca Danemark
82%
Quirguistão Kirghizistan
81%
JIbuti Djibouti
79%
Listenstaine Liechtenstein
77%
Cazaquistão Kazakhstan
76%
Argélia Algérie
68%
Palau Palaos
67%
Camarões Cameroun
64%
Butão Bhoutan
59%
Barém Bahreïn
52%
Costa do Marfim Côte d'Ivoire
52%
Aucun quiz correspondant
Distribution des résultats
% des personnes avec chaque résultat
Percentile par nombre de réponses
Votre historique - résultats
Vous n’avez pas pris ce quiz